000 01369nam0a2200325 4500
001 RU\NLR\bibl\1878600
005 20250616192932.0
010 _a978-5-4264-0011-5
_95000
021 _aRU
_b2012-10130
_9760
035 _a(NLR Aleph) 001868389
090 _a2627190
_c2627190
100 _a20120312d2012 |||y0rusy50 ca
101 0 _arus
102 _aRU
105 _ay |||||||||
200 1 _aСпецоперация "Звенящие кедры России"
_eкто и зачем загоняет нас в "гектарный рай"
_fДмитрий Байда, Елена Любимова
210 _aСанкт-Петербург
_cМитраков
_d2012
215 _a544 с.
_d24
320 _aБиблиогр. в подстроч. примеч.
606 1 _a"Звенящие кедры России", религиозное движение
_92406070
_3RU\NLR\AUTH\6601653319
686 1 _aЭ231.92
700 1 _aБайда
_bД. В.
_gДмитрий Валентинович
_4070
701 1 _4070
_aЛюбимова
_bЕ. В.
_cавтор книг эзотер. содержания
_gЕлена Владимировна
_9206329
_3RU\NLR\AUTH\770206381
801 0 _aRU
_bNLR
_c20120312
_gRCR
801 1 _aRU
_bNLR
_c20120312
942 _cBOOK
980 _aNB
980 _aNBR